00251nam a2200109Ia 4500008004100000020001800041082001400059100001300073245003000086260000900116500001600125260604s9999 xx 000 0 und d a9780857025906 a305.8 ATK aATKINSON 0aTHINKING ETHNIGRAPHICALLY bSAGE aEthnography